LIBRARY & INFORMATION CENTRE, KCAET, TAVANUR

ONLINE PUBLIC ACCESS CATALOGUE (OPAC)

Hydraulics / (Record no. 7464)

MARC details
000 -LEADER
fixed length control field 00442cam a2200181ua 4500
041 ## - LANGUAGE CODE
Language code of text/sound track or separate title eng
082 ## - DEWEY DECIMAL CLASSIFICATION NUMBER
Classification number 532
Item number KIN/HY
100 ## - MAIN ENTRY--AUTHOR NAME
Personal name King, Horace W .
245 ## - TITLE STATEMENT
Title Hydraulics /
250 ## - EDITION STATEMENT
Edition statement 5 /
260 ## - PUBLICATION, DISTRIBUTION, ETC. (IMPRINT)
Place of publication London :
Name of publisher John Wiley & Sons ,
Year of publication 1948.
300 ## - PHYSICAL DESCRIPTION
Number of Pages 351 ; .
700 1# - ADDED ENTRY--PERSONAL NAME
Personal name Wisler, Chester O .
700 1# - ADDED ENTRY--PERSONAL NAME
Personal name Woodburn, James G .
942 ## - ADDED ENTRY ELEMENTS (KOHA)
Koha item type Books
Holdings
Withdrawn status Lost status Damaged status Home library Current library Date acquired Full call number Accession Number Koha item type
Withdrawn   Damaged KAUAET KAUAET 07/04/2012 532 15677 Books
free website counter